000
00320nam a22001337a 4500
003
SGT
020
_a
0-19-807389-5
082
_a
646.7
_b
BAL
100
_a
BALI, PARVINDER. S.
245
_a
INTERNATIONAL CUISINE & FOOD PRODUCTION MANAGEMENT
260
_a
DELHI
_b
OXFORD PREES
_c
2020
300
_a
527
942
_2
ddc
_c
BK
999
_c
21070
_d
21070